000 01076nam a2200205Ia 4500
999 _c39409
_d39409
001 6000
003 GE_BSU
005 20190516160402.0
008 181216s1967||||ge |||||||||||||| ||geo||
040 _cGE_BSU
041 _ageo
080 _a004.7(075) გ-12
100 _aგაბაშვილი, ნ.
_9961
245 _aელექტრული ციფრული მანქანების სქემების ლოგიკური ანალიზი და სინთეზი :
_bდამხმ. სახელმძღ. /
_cნ. გაბაშვილი ; რედ. გ. ტყეშელაშვილი.
264 _aთბილისი :
_bგანათლება,
_c1967.
300 _a92 გვ. ;
_c20 სმ.
653 _aელექტრული ციფრული მანქანების სქემების ლოგიკური ანალიზი და სინთეზი
700 _aტყეშელაშვილი, გ.
_eრედაქტორი
_91250
942 _cBK
_2udc